000 00682nam a2200229 a 4500
001 BRL_1399
005 20190320211202.0
008 100114s1981----enkao#####---#000-0#eng-#
041 _aeng
044 _aenk
050 4 _aGT639
_b.D48 1981
100 1 _aDeuss, Krystyna
_926779
245 1 0 _aIndian costumes from Guatemala
_cKrystyna Deuss.
260 _aGreat Britain
_b[CTD Printers]
_c1981
300 _a72 p.
_bil., fotografías (a color), mapas
_c30 cm.
500 _aAu1646
504 _aBibliografía: p. 72
650 1 4 _aIndumentaria
_xExposiciones
_zGuatemala
_926780
650 1 4 _aPrendas de vestir
_xExposiciones
_zGuatemala
_926781
902 _aGRL
942 _2lcc
_cB
999 _c10210
_d10210